00478nam a2200145 a 450000100100000000500170001000800410002704000250006824500240009326000420011730000420015904900090020195201050021099900170031500003211420200930063437.0110712s2004 dr ag 000 0 spa d aDO-SdBNPbspacBNPHU00aCanciones santas /. a[Santo Domingo] :bil. mús.,c[19]. a1v. Con varias paginaciones ;c23 cm. aBNPD 0010718PDaPDbPDcCTd2011-07-12iLF1l0o p32114-10r2020-06-25w2020-06-25yLFPDZNo se presta c31605d31605